| 000 | 00749nam a2200241 a 4500 | ||
|---|---|---|---|
| 001 | 64314 | ||
| 003 | BD-RjUL | ||
| 005 | 20211209081307.0 | ||
| 008 | 170213s1984 ii b 001 0 eng | ||
| 020 | _cRs150.00 | ||
| 035 | _a(BD-RjUL) | ||
| 040 |
_aDLC _cDLC _dBD-RjUL _beng |
||
| 041 | _aeng | ||
| 082 | 0 | 0 |
_a320.954 _223 _bSAM 1984 |
| 100 | 1 |
_aSarkar, Jagadish Narayan, _d1907- _9190503 |
|
| 245 | 1 | 0 |
_aMughal polity / _cJagadish Narayan Sarkar. |
| 260 |
_aDelhi : _bIdarah-i Adabiyat-i Delli, _c1984. |
||
| 300 |
_axi, 509 p. ; _c22 cm. |
||
| 504 | _aIncludes bibliographical references and index. | ||
| 651 | 0 |
_aMogul Empire _xPolitics and government. _9190143 |
|
| 942 |
_2ddc _cBK |
||
| 999 |
_c64314 _d64314 |
||